000 00818nam a2200265Ia 4500
003 OSt
005 20220918170436.0
006 a|||||r|||| 00| 0
007 ta
008 220917b |||||||| |||| 00| 0 eng d
020 _a9780230226241 (pbk)
024 _a232,738
037 _cTextual
040 _aARTS
_cARTS
_beng
041 _2eng
_aeng
082 _aX:9:(U47).1, P7
110 _aUnited Nations Development Programme
_929056
245 0 _aHuman development report 2007/ 2008 fighting climate change
_b human solidarity in a divided world
260 _aNew York
_bPalgrave MacMillian U.S.A.
_c2007
300 _axvi, 383p.
_ccm.
650 _aECONOMICS
700 _aUnited Nations Development Programme
_929057
942 _hX:9:(U47).1, P7
_cTEXL
_2CC
999 _c134144
_d134144